Central Library OPAC University of Rajshahi

Managerial economics / (Record no. 19567)

MARC details
000 -LEADER
fixed length control field 01116nam a2200325 a 4500
001 - CONTROL NUMBER
control field 19567
003 - CONTROL NUMBER IDENTIFIER
rucl marc code BD-RjUL
005 - DATE AND TIME OF LATEST TRANSACTION
control field 20211209000441.0
008 - FIXED-LENGTH DATA ELEMENTS--GENERAL INFORMATION
fixed length control field 140225s1983 ilua b 001 0 eng
020 ## - INTERNATIONAL STANDARD BOOK NUMBER
International Standard Book Number 003062441X
035 ## - SYSTEM CONTROL NUMBER
System control number (BD-RjUL)19627
040 ## - CATALOGING SOURCE
Original cataloging agency DLC
Transcribing agency DLC
Modifying agency DLC
-- BD-RjUL
Language of cataloging eng
041 ## - LANGUAGE CODE
Language code of text/sound track or separate title eng
082 00 - DEWEY DECIMAL CLASSIFICATION NUMBER
Classification number 338.5024658
Edition number 21
Author mark and year PAM 1983
100 1# - MAIN ENTRY--PERSONAL NAME
Personal name Pappas, James L.
9 (RLIN) 60112
245 10 - TITLE STATEMENT
Title Managerial economics /
Statement of responsibility, etc. James L. Pappas, Eugene F. Brigham, Mark Hirschey.
250 ## - EDITION STATEMENT
Edition statement 4th ed.
260 ## - PUBLICATION, DISTRIBUTION, ETC. (IMPRINT)
Place of publication, distribution, etc. Chicago :
Name of publisher, distributor, etc. Dryden Press,
Date of publication, distribution, etc. c1983.
300 ## - PHYSICAL DESCRIPTION
Pagination xii, 628 p. :
Illustrations ill. ;
Size 25 cm.
500 ## - GENERAL NOTE
General note Rev. ed. of: Managerial economics / Eugene F. Brigham. 3rd ed. Hinsdale, Ill. : Dryden Press, c1979.
504 ## - BIBLIOGRAPHY, ETC. NOTE
Bibliography, etc Includes bibliographies and indexes.
650 #0 - SUBJECT ADDED ENTRY--TOPICAL TERM
Topical term or geographic name as entry element Managerial economics.
9 (RLIN) 60114
700 1# - ADDED ENTRY--PERSONAL NAME
Personal name Brigham, Eugene F.,
Dates associated with a name 1930-
Personal name Hirschey, Mark.
Personal name Brigham, Eugene F.,
Dates associated with a name 1930-
942 ## - ADDED ENTRY ELEMENTS (KOHA)
Source of classification or shelving scheme Dewey Decimal Classification
Koha item type Books
Holdings
Lost status Source of classification or shelving scheme Damaged status Not for loan Collection code Permanent Location Current Location Shelving location Date acquired Source of acquisition Cost, normal purchase price Total Checkouts Full call number Date last seen Date checked out Copy number Koha item type
  Dewey Decimal Classification     Non-fiction Central Library, University of Rajshahi Central Library, University of Rajshahi   05/03/1982 Tulip 11.50 1 338.5024658 PAM 1983 26/08/2015 11/08/2015 C-4 Books
  Dewey Decimal Classification     Non-fiction Central Library, University of Rajshahi Central Library, University of Rajshahi   05/03/1985 Tulip 11.50   338.5024658 PAM 1983 25/02/2014   C-5 Books
  Dewey Decimal Classification     Non-fiction Central Library, University of Rajshahi Central Library, University of Rajshahi   05/03/1985 Tulip. 11.50   338.5024658 PAM 1983 26/02/2014   C-3 Books
  Dewey Decimal Classification     Non-fiction Central Library, University of Rajshahi Central Library, University of Rajshahi   05/03/1985 Tulip 11.50   338.5024658 PAM 1983 04/09/2016   C-6 Books
  Dewey Decimal Classification   Not For Loan Non-fiction Central Library, University of Rajshahi Central Library, University of Rajshahi Reading Room 31/08/2025       338.5024658 PAM 1983 31/08/2025   C-1 Books